000 00460nam a22001817a 4500
005 20230109095218.0
008 221216b |||||||| |||| 00| 0 eng d
020 _a978-81-7754-422-0
041 _aeng
082 _a632.58-GUP-W
100 _aGUPTA ,O.P
_93470
245 _aWEED MANAGEMENT PRINCIPLES AND PRACTICES
250 _a3rd ed.
260 _aJODHPUR
_bAGROBIOS (INDIA)
_c2010
300 _a283;P.
650 _aAGRICULTURE
_92837
942 _cBK
999 _c8052
_d8050